KOHA-Header-6

Fundamentals of Financial Management (Record no. 2672)

000 -LEADER
fixed length control field 00365nam a2200157Ia 4500
003 - CONTROL NUMBER IDENTIFIER
control field OSt
005 - DATE AND TIME OF LATEST TRANSACTION
control field 20190914130351.0
008 - FIXED-LENGTH DATA ELEMENTS--GENERAL INFORMATION
fixed length control field 190902s9999||||xx |||||||||||||| ||und||
020 ## - INTERNATIONAL STANDARD BOOK NUMBER
International Standard Book Number 978-0273713630
040 ## - CATALOGING SOURCE
Transcribing agency maju
100 ## - MAIN ENTRY--PERSONAL NAME
Personal name Van Horne
245 #0 - TITLE STATEMENT
Title Fundamentals of Financial Management
260 ## - PUBLICATION, DISTRIBUTION, ETC. (IMPRINT)
Place of publication, distribution, etc India
Name of publisher, distributor, etc S. Chand
Date of publication, distribution, etc 1995
300 ## - PHYSICAL DESCRIPTION
Extent 763
942 ## - ADDED ENTRY ELEMENTS (KOHA)
Koha item type Books
Source of classification or shelving scheme
Holdings
Withdrawn status Lost status Source of classification or shelving scheme Damaged status Not for loan Collection code Permanent Location Current Location Shelving location Date acquired Barcode Date last seen Price effective from Koha item type
        Not For Loan Finance MAJU MAJU Shelf No.A38 REF 2019-09-02 6309 2019-09-02 2019-09-02 Finance

Powered by Koha